000 01452nam a2200337 i 4500
003 EG-GICUC
005 20260121101436.0
008 251207s2011 ua ||||fr|||| 00| 0 ara d
040 _a EG-GICUC
_bara
_c EG-GICUC
_d EG-GICUC
_erda
041 0 _aara
082 0 4 _221
_a343.3
_bم ح ,ش
092 0 4 _221
099 _alaw1 10 343.3 م ح . ش 4 ed - 2011
100 0 _aمحمود نجيب حسني
_eمؤلف.
245 1 0 _aشرح قانون الإجراءات الجنائية.
_nالجزء الأول،
_bقانون لأحدث التعديلات التشريعية /
_c تاليف الدكتور محمود نجيب حسني ؛تنقيح الدكتورة فوزية عبد الستار .
250 _aالطبعة الرابعة
264 1 _aالقاهرة :
_bدار النهضة العربية للنشر والتوزيع،
_c2011.
300 _a716 صفحة ؛
_c24 سم.
336 _2rda content
_atext
337 _2rda media
_aComputer
338 _2rda carrier
_aOnline Resource
504 _a. 240-220 ببليوجرافيا: صفحات.
546 _aالنص باللغة العربية
650 1 4 _a قانون الإجراءات الجنائية
_2qrmak
650 1 4 _aالقانون الجنائي
_2qrmak
651 1 _2qrmak
700 1 _a.الدكتور فوزية عبد الستار
_eمحرر.
856 4 0 _uhttps://fll.law.cu.edu.eg/fulltext/bks/B10-05810.pdf
905 _a77
_eHassnaa
942 _2ddc
_cBK
_e21
_n0
999 _c48797
_d48797